Phát triển giáo dục trong điều kiện kinh tế thị trường và hội nhập quốc tế

Đề cập với bốn phần: phần thứ nhất một số vấn đề lý luận về phát triển giáo dục trong điều kiện kinh tế thị trường và hội nhập quốc tế; Phần thứ hai phát triển giáo dục trong nền kinh tế thị trường và hội nhập quốc tế củ...

সম্পূর্ণ বিবরণ

সংরক্ষণ করুন:
গ্রন্থ-পঞ্জীর বিবরন
প্রধান লেখক: Trần, Quốc Toản
বিন্যাস: গ্রন্থ
ভাষা:Undetermined
প্রকাশিত: Hà Nội Chính trị Quốc gia 2012
বিষয়গুলি:
ট্যাগগুলো: ট্যাগ যুক্ত করুন
কোনো ট্যাগ নেই, প্রথমজন হিসাবে ট্যাগ করুন!
Thư viện lưu trữ: Trung tâm Học liệu Trường Đại học Cần Thơ
LEADER 01550nam a2200229Ia 4500
001 CTU_196529
008 210402s9999 xx 000 0 und d
020 |c 113000 
082 |a 370.9597 
082 |b T406 
100 |a Trần, Quốc Toản 
245 0 |a Phát triển giáo dục trong điều kiện kinh tế thị trường và hội nhập quốc tế 
245 0 |c Trần Quốc Toản chủ biên 
260 |a Hà Nội 
260 |b Chính trị Quốc gia 
260 |c 2012 
520 |a Đề cập với bốn phần: phần thứ nhất một số vấn đề lý luận về phát triển giáo dục trong điều kiện kinh tế thị trường và hội nhập quốc tế; Phần thứ hai phát triển giáo dục trong nền kinh tế thị trường và hội nhập quốc tế của một số nước trên thế giới; phân thứ ba: thực tiễn phát triển giáo dục Việt Nam trong quá trình chuyển đổi sang nền kinh tế thị trường và hội nhập quốc tê; phần thứ tư: phát triển giáo dục-đào tạo Việt Nam trong điều kiện kinh tế thị trường và hội nhập quốc tế. 
650 |a Education,Giáo dục 
650 |x Research,Nghiên cứu 
650 |z Vietnam,Việt Nam 
904 |i Hải 
980 |a Trung tâm Học liệu Trường Đại học Cần Thơ